000 01330nam a2200253 4500
005 20171023111453.0
008 171023b1926 fr |||fr|||| 001 d fre d
040 _aCO-BoUCM
_bspa
_cSandra Yazo
_dSandra Yazo
041 0 _afre
082 0 4 _220
_a842
092 _aE44N051
100 1 _aClaudel, Paul
_d1868-1955
_951975
242 0 3 _aLa joven Violaine
_b(Primera versión inédita, de 1892)
_cPablo Claudel ; Prefacio de Jean Royère
_yspa
245 1 3 _aLa Jeune fille Violaine
_b(Première versión inédite de 1892)
_cPaul Claudel ; Préface de Jean Royère
260 _aParís (Francia)
_bÉditions Excelsior. Imprimerie Omnes & Cie. [Ediciones Excelsior. Impresora Omnes y Compañía]
_c1926
300 _axi, 168 páginas
_c18 x 12 cm.
500 _aDetalles físicos: Encuadernación rígida (holandesa) en cartón duro, forrado en papel jaspeado. Lomo de tela texturizada, con adornos en dorado. Guardas. Anteportada. Portada impresa en una sola tinta con la marca tipográfica del editor. Texto impreso en una sola columna, con diversos tipos de letra. Papel con oxidación
505 0 _aActo 1 - 4
546 _aTexto en francés
650 7 _97794
_aLiteratura francesa
650 7 _aTeatro francés
_ySiglo XIX - XX
_987893
690 _aLiteratura europea
_926524
942 _2LOCAL
_cLIBRO
_e1
_hE44N051
999 _c307841
_d307841